Statistics for Vibrant Eyes by CG5 Lyrics Quiz

Click here to take the quiz!

General Stats

  • This quiz has been taken 39 times
  • The average score is 230 of 253

Answer Stats

Answer% Correct
A
100%
And
100%
I
100%
I'm
100%
On
100%
On?
100%
The
100%
But
96%
Can't
96%
Do
96%
Don't
96%
Eyes
96%
Forget
96%
I'll
96%
In
96%
Insane
96%
Make
96%
Me
96%
Memories
96%
Of
96%
Rain
96%
Remember
96%
Scared
96%
That
96%
To
96%
Vibrant
96%
Water
96%
What
96%
Why
96%
Cover
92%
Ever
92%
My
92%
Not
92%
Page
92%
Pain
92%
Smile
92%
Tell
92%
These
92%
Done,
88%
Done
88%
Everything
88%
Go
88%
Lost
88%
Oh,
88%
One
88%
See
88%
Sky,
88%
Them
88%
War's
88%
We
88%
When
88%
You
88%
You've
88%
Already
85%
Built
85%
Dreams
85%
Is
85%
I've
85%
Little
85%
Ruining
85%
This
85%
Voice
85%
Won,
85%
Away
81%
Sanity
81%
Evil
81%
Haunting
81%
How
81%
Left
81%
Name?
81%
Nothing
81%
Run
81%
Suffocate
81%
Trust
81%
Will
81%
All
77%
Day
77%
Land
77%
Look
77%
Rather
77%
Thoughts
77%
Touched
77%
Way?
77%
Would
77%
Cage
73%
Could
73%
Free
73%
From
73%
Learned
73%
Lessons
73%
Lore
73%
Mental
73%
Strange
73%
Written
73%
Consciousness
69%
Reminisce
65%

Score Distribution

Percentile by Number Answered

Percent of People with Each Score

Your Score History

You have not taken this quiz